Cognomi più diffusi in Campania - Statistics

Statistiche generali
  • Questo quiz è stato fatto 126 volte
  • Il punteggio medio è 3 su 10
Statistiche sulle risposte
Cognome % Corretto
Esposito
99%
Russo
59%
De Luca
34%
Coppola
18%
De Rosa
17%
Romano
16%
Sorrentino
15%
Ferrara
14%
Giordano
13%
Marino
8%
Nessun quiz corrispondente trovato
Distribuzione punteggi
Percentuale di utenti per punteggio
Percentile per numero di risposta
I tuoi punteggi nel tempo
Non hai fatto questo quiz